| 000 | 00658nam a22001697a 4500 | ||
|---|---|---|---|
| 082 | _a621.3 | ||
| 100 | _aAtif, Abeera ; Khan, Alishba ; Aslam, Muhammad Shehryar | ||
| 245 |
_aLow Power Wide Area Networks for Smart Cities Implementation / _cAbeera Atif ; Alishba Khan ; Muhammad Shehryar Aslam |
||
| 260 |
_aIslamabad : _bSEECS - NUST, _c2018. |
||
| 300 |
_aVar. p. ; _c30cm. |
||
| 563 | _aHB | ||
| 650 |
_aElectrical(Electronics) Engineering-Project Report _993205 |
||
| 700 |
_aDr, Syed Ali Hassan _919591 |
||
| 856 | _uhttp://10.250.8.41:8080/xmlui/handle/123456789/29539 | ||
| 942 |
_2ddc _cPR |
||
| 999 |
_c536228 _d536228 |
||